000 00587nam a22001817a 4500
003 OSt
005 20260121060739.0
008 260121b |||||||| |||| 00| 0 eng d
020 _a0-553-21221-4.
040 _aDWC-Main lib.
_cOC
082 _aCirc. 882.0108 G811 1965
245 _aGreek drama :
_b Aeschylus, Sophocles, Euripides, Aristophanes/
260 _aNew York:
_bBantam Books,
_cc1965.
300 _axi, 337 pages ;
_c18 centimeters.
650 _a1. Greek drama--Translations into English.
650 _a2. Mythology, Greek--Drama.
942 _2ddc
_cBK-CIRC
_hCirc.
_n0
999 _c7657
_d7657